Movies Quiz

Random Movies or James Bond Quiz

James Bond Movie Titles by Etiology Quiz Stats

 Plays Quiz not verified by Sporcle

Challenge
Share
Tweet
Embed
Score 0/23 Timer 08:00
0 Plays Today
Etiology Movie % Correct
From the novel. The location where the card game takes placeCasino Royale
94.2%
From the novel. The name of the villainGoldfinger
93.7%
Original. A reference to Bond's 'legal' proof entitling him to do his job, which is revoked in the movieLicence to Kill
93.7%
From the novel. The name of the villain with a reference to his degreeDr. No
93.2%
From the novel. A nickname of the villain referencing his unique weaponThe Man with the Golden Gun
91.3%
From the novel. The name of the villain's missile planMoonraker
90.3%
From the short story. The villain/main character's aquatic petOctopussy
90.3%
Original. Possibly a general statement on the eternity of the future, or a reference the the villain's newspaperTomorrow Never Dies
90.3%
From the novel. Bond's employersOn Her Majesty's Secret Service
88.3%
From the short story. Bond scared this out of villainThe Living Daylights
85.9%
Original. The location where Ian Fleming wrote the Bond novels, or two satellites in the movieGoldeneye
85.4%
From the novel. The codename of Bond's missionThunderball
84.5%
Etiology Movie % Correct
From the novel. A reference to the correspondence between the female protagonist to BondFrom Russia With Love
84%
Original. The Bond family motto (First mentioned in a novel over 35 years earlier)The World is Not Enough
83.5%
From the novel. One of two things that is eternal, the other being deathDiamonds Are Forever
83%
From the short story. A reference to the secret nature of Bond's missionFor Your Eyes Only
81.1%
Original. Unknown origin, possibly a reference to Chicken LittleSkyfall
79.1%
From the novel. Bond's attitude towards how he handles casesLive and Let Die
78.6%
From the novel. Bond, from the point of view of the main characterThe Spy Who Loved Me
78.2%
From the short story. The last remaining element in a relationship before the splitQuantum of Solace
78.2%
From the novel. A line from a haiku created by BondYou Only Live Twice
77.2%
Original. A line from a A. E. Housman poem, or a line from Bond referencing the villain's supposed expirationDie Another Day
76.7%
Altered from the short story. A line from a hunting songA View to a Kill
73.3%

You're not logged in!

Compare scores with friends on all Sporcle quizzes.
OR
Log In

You Might Also Like...

Show Comments

Extras

Created Apr 16, 2012ReportNominate
Tags:James Bond Quiz

Top Quizzes Today


Score Distribution

Your Account Isn't Verified!

In order to create a playlist on Sporcle, you need to verify the email address you used during registration. Go to your Sporcle Settings to finish the process.

Report this User

Report this user for behavior that violates our Community Guidelines.

Details: